| 000 | 01963nam a2200445 c 4500 | ||
|---|---|---|---|
| 003 | BLK | ||
| 005 | 20180422110028.0 | ||
| 008 | 180409b bul|||||r ||||||| ||bul|| | ||
| 010 | _aKNG00116743000 | ||
| 020 |
_a954-8456-88-5 _bиздат.: Унискорп |
||
| 040 | _aBLK | ||
| 041 |
_aBUL _cBUL |
||
| 080 |
_aИстория на Египет (до 640 г. н. е.) _b932 _x(035) _z932(035) |
||
| 080 |
_aПаметници на културата на историческите периоди. Археологическите паметници. Старини _b904 _x(=32)(035) _z904(=32)(035) |
||
| 100 | 1 |
_aАндрю, Гиймет _eпърви автор _9312168 |
|
| 700 | 1 |
_aРиго, Патрисия _eсъавт. _9312169 |
|
| 700 | 1 |
_aТронеке, Клод _eсъавт. _9131536 |
|
| 700 | 1 |
_aПеева, Катя _eпрев. от фр. _9368109 |
|
| 139 |
_aАндрю, Гиймет и др. _bА 66 |
||
| 245 | 1 | 0 |
_aДревен Египет _cГиймет Андрю; съавт. Патрисия Риго; съавт. Клод Тронеке; прев. от фр. Катя Пеева. |
| 257 | _aFRA | ||
| 260 |
_аСофия _bУнискорп _c2004 _fСофия : Унискорп |
||
| 300 |
_a120 с. _bс цв. ил. _c22 см |
||
| 380 | _a9 | ||
| 490 | 1 | _aЕнциклопедична колекция от А до Я | |
| 490 | 1 |
_3Подсерия _aСерия Археология и цивилизации |
|
| 500 | _aБез сведения за ориг. загл. - Съдържа и Хронология. - Азб. показалец. - Библиогр. с. 119. | ||
| 504 | _a119 | ||
| 650 | 4 |
_aЕгипет _9252149 |
|
| 653 | _aЕгипет | ||
| 653 | _aистория | ||
| 653 | _aстарини | ||
| 653 | _aДревен Египет | ||
| 653 | _aсправочници | ||
| 852 | _aЦб 222086 | ||
| 856 | 4 |
_qpdf _u |
|
| 856 | 4 |
_qpdf _u |
|
| 942 |
_cKNG _n0 |
||
| 944 |
_aCR _c27.12.2004 _kЛюдмила_Стоянова |
||
| 944 |
_aED _c03.07.2006 _k |
||
| 999 |
_c111402 _d111402 |
||